| 000 | 01501nam a22002417a 4500 | ||
|---|---|---|---|
| 008 | 250528b |||||||| |||| 00| 0 eng d | ||
| 020 | _a9798227209290 | ||
| 040 | _ctbs | ||
| 041 |
_afre _aeng |
||
| 110 |
_aPomme Bilingual (Firm) _925358 _eauthor |
||
| 245 |
_aThe little fox and other bilingual French-English stories _c/ Pomme Bilingual. |
||
| 260 |
_aPlace of publication not identified _bPomme Bilingual, _c2024. |
||
| 300 |
_a62 pages ; _c20 cm. |
||
| 505 | _aBilungual texts : French language stories with English translations. | ||
| 520 | _aUnlock the beauty of bilingual storytelling with The Little Fox And Other Bilingual French-English Stories . Each tale invites you to explore enchanting worlds, rich with culture and emotion, while seamlessly improving your French language skills. Perfect for adult learners, this collection offers an engaging way to practice reading in French while having the comfort of English translations. Whether you're a beginner or an advanced learner, The Little Fox And Other Bilingual French-English Stories is your perfect companion to enhance your French reading skills while enjoying delightful and meaningful stories. | ||
| 650 | 0 |
_aFrench language _xReaders _912401 |
|
| 650 | 0 |
_aFrench language _vSelf-instruction _925301 |
|
| 650 | 0 |
_aShort stories, French _xTranslations into English _925359 |
|
| 655 | 0 |
_aShort stories _922375 |
|
| 655 | 0 |
_aReaders (Publications) _925108 |
|
| 655 | 0 |
_aHigh interest-low vocabulary books _922485 |
|
| 942 | _2lcc | ||
| 999 |
_c4705 _d4705 |
||